Психология религий: учебное пособие для вузов

Podrobná bibliografie
Hlavní autor: Ардашкин И. Б. Игорь Борисович
Korporativní autor: Томский политехнический университет (ТПУ) Институт дистанционного образования (ИДО)
Shrnutí:В учебном пособии изложены материалы по природе религии, ее психологическим теориям, вопросам религиозного опыта, религиозной личности, религиозного символизма. Пособие подготовлено на кафедре философии, соответствует программе дисциплины и предназначено для студентов ИДО, обучающихся по специальности 080505 «Управление персоналом».
Jazyk:ruština
Vydáno: Томск, Изд-во ТПУ, 2010
Témata:
Médium: Kniha
KOHA link:https://koha.lib.tpu.ru/cgi-bin/koha/opac-detail.pl?biblionumber=187812

MARC

LEADER 00000nam0a2200000 4500
001 187812
005 20231225143844.0
035 |a (RuTPU)RU\TPU\book\203799 
090 |a 187812 
100 |a 20101122d2010 m y0rusy50 ca 
101 0 |a rus 
102 |a RU 
105 |a y j 001zy 
200 1 |a Психология религий  |e учебное пособие для вузов  |f И. Б. Ардашкин  |g Томский политехнический университет (ТПУ), Институт дистанционного образования (ИДО) 
210 |a Томск  |c Изд-во ТПУ  |d 2010 
215 |a 276 с. 
320 |a Библиография в примечаниях. 
330 |a В учебном пособии изложены материалы по природе религии, ее психологическим теориям, вопросам религиозного опыта, религиозной личности, религиозного символизма. Пособие подготовлено на кафедре философии, соответствует программе дисциплины и предназначено для студентов ИДО, обучающихся по специальности 080505 «Управление персоналом». 
606 1 |a Религия  |x Психология  |2 stltpush  |3 (RuTPU)RU\TPU\subj\24952  |9 49216 
610 1 |a религии мира 
610 1 |a религиоведение 
610 1 |a религиозная вера 
610 1 |a религиозный опыт 
610 1 |a личность 
610 1 |a ритуалы 
610 1 |a культы 
610 1 |a учебные пособия 
610 1 |a труды учёных ТПУ 
686 |a Э210.2я73  |2 rubbk 
700 1 |a Ардашкин  |b И. Б.  |c философ  |c профессор Томского политехнического университета, доктор философских наук  |f 1972-  |g Игорь Борисович  |3 (RuTPU)RU\TPU\pers\25417  |9 11359 
712 0 2 |a Томский политехнический университет (ТПУ)  |b Институт дистанционного образования (ИДО)  |3 (RuTPU)RU\TPU\col\12625 
801 1 |a RU  |b 63413507  |c 20101122 
801 2 |a RU  |b 63413507  |c 20210512  |g RCR 
942 |c BK